000 01712nam0a22002771 4500
001 v19\rc\1827089
005 20250619135125.0
035 _a(NLR Aleph) 004923688
090 _a5605286
_c5605286
100 _a20071224d1908 |||y0rusy50 ca
101 0 _arus
102 _aRU
105 _ay z |||||
200 1 _aОтчет о Временных, с 18 мая по 18 июня 1908 года, курсах по отраслям сельского хозяйства и по медицине, гигиене и ветеринарии, в пос. Шабо, Аккерманского уезда, Бессараб. губ., для учителей народных училищ этого уезда
210 _aАккерман
_d1908
215 _a65 с.
_d22
532 1 1 _aОтчет о Временных, с восемнадцатого мая по восемнадцатое июня 1908 года, курсах по отраслям сельского хозяйства и по медицине, гигиене и ветеринарии, в пос. Шабо, Аккерманского уезда, Бессараб. губ., для учителей народных училищ этого уезда
710 1 2 _aАккерманские уезд. временные курсы по отраслям сельского хозяйства и по медицине, гигиене и ветеринарии для учителей народных училищ
_f1908
_eпосад Шабо
801 0 _aRU
_bNLR
_gpsbo
801 0 _aRU
_bRuMoRGB
_2psbo
801 1 _aRU
_bProSoft-M
_2rusmarc
852 _aNLR
_j19.48.5.25
899 _aRuMoRGB
_jU 9/457
899 _aБАН
942 _cBOOK
980 _aNB